000 00415nam a2200145Ia 4500
008 100204s9999 xx 000 0 und d
082 _b2903
100 _aरानडे जयंत
245 _aजीवन नौका
260 _bनवचैतन्य प्रकाशन
_c1980
300 _a256
630 _aजीवन नौका
730 _aजीवन नौका
942 _cBOOK
999 _c447897
_d447894